000 00735nas a2200241 4500
001 BR9900683
003 BR-BrBNA
005 20231205101231.0
007 ta
008 230509b bl.|||p| |||| 00| 00por d
040 _aBR-BrBNA
_bpor
_cBiblioteca Nacional de Agricultura
041 _a(Pt)
072 _aF30
100 1 _aLin, S.S.
245 1 _aComportamento de dez linhagens selecionadas do feijao-Mungo (Vigna radiata L.)
650 _aFeijao Mungo
650 _aLinhagem
650 _aSelecao Genetica
650 _aComportamento de Variedade
773 0 _tRevista do Setor de Ciencias Agrarias (Brazil)
_x
_g(1997), v. 16(1-2) p. 159-166
_wBR9900683
909 _a202311
_bLúcia
_c55
_dLúcia Elande
942 _2AGRIS
_n0
_cANA
999 _c160584
_d160584